| 000 | 00824nam a2200229Ia 4500 | ||
|---|---|---|---|
| 003 | GCL | ||
| 008 | 140319s9999 xx 000 0 ara d | ||
| 020 | _a2219810977 | ||
| 040 |
_aGCL / _cGCL |
||
| 082 | 0 | 4 |
_a371.2 _bم م |
| 100 | 1 | _aمحمود يوسف الشيخ | |
| 245 | 1 | 0 |
_aمشكلات تربوية معاصرة : _bمفهومها - مظاهرها - اسبابها - علاجها / _cمحمود يوسف الشيخ |
| 250 | _aالاولى | ||
| 260 |
_aالقاهرة : _bدار الفكر العربى ، _c2007 |
||
| 300 |
_a199 ص ؛ _c24 سم |
||
| 650 | 0 | 4 | _aالتعليم - مشكلات |
| 650 | 0 | 4 | _aالمدارس - تنظيم وادارة |
| 650 | 0 | 4 | _aالمدرسون - تقييم |
| 650 | 0 | 4 | _aالطلبة - مشكلات |
| 650 | 0 | 4 | _aالطلبة - ضعاف التحصيل |
| 942 |
_2ddc _cBK |
||
| 999 |
_c9645 _d9645 |
||